| 000 | 01277nam0a22002771 4500 | ||
|---|---|---|---|
| 001 | rc\3950432 | ||
| 005 | 20250610131248.0 | ||
| 021 |
_aRU _b[56-11040] |
||
| 035 | _a(NLR Aleph) 007923234 | ||
| 090 |
_a8171459 _c8171459 |
||
| 100 | _a20130415d1955 |||y0rusy50 ca | ||
| 101 | 0 | _arus | |
| 102 | _aRU | ||
| 105 | _aa z |||a| | ||
| 200 | 1 |
_aНаши знакомые _eЮморист. рассказы _f[Ил.: Р. Овивян] |
|
| 210 |
_aБарнаул _cАлт. кн. изд-во _d1955 |
||
| 215 |
_a80 с. _cил. _d20 |
||
| 327 | 1 | _aСодерж.: Федот Матвеевич; Вспышка; Болезнь Перекатова; Неизбежная встреча; Выигрыш; Звонок; Штрафной удар; Возвращение; Знакомство | |
| 464 | 0 |
_12001#$aФедот Матвеевич$aВспышка$aБолезнь Перекатова$aНеизбежная встреча$aВыигрыш$aЗвонок$aШтрафной удар$aВозвращение$aЗнакомство _tЗнакомство |
|
| 700 | 1 |
_aШевцов _bН.И. _gНиколай Иванович |
|
| 702 | 1 |
_aОвивян _bР. _4440 |
|
| 801 | 0 |
_aRU _bNLR _gpsbo |
|
| 801 | 1 |
_aRU _bELAR _2rusmarc |
|
| 852 |
_aNLR _jЛ30 Г-4/1414 |
||
| 942 | _cBOOK | ||
| 980 | _aNB | ||